Szolgáltatásmarketing fejlesztése a Duna Főnix Kft.-nél

Bibliographic Details
Main Author: Yilmaz Attila Zoltán
Other Authors: Papp Judit
Format: Thesis
Kulcsszavak:Szolgáltatásmarketing
emberierőforrás-menedzsment
belső marketing
Vállalatfejlesztés
Marketingmenedzsment
Online Access:http://dolgozattar.uni-bge.hu/18369

MARC

LEADER 00000nta a2200000 i 4500
001 dolg18369
005 20190228141607.0
008 181127suuuu hu om 000 hun d
040 |a BGE Dolgozattár Repozitórium  |b hun 
041 |a hu 
100 1 |a Yilmaz Attila Zoltán 
245 1 0 |a Szolgáltatásmarketing fejlesztése a Duna Főnix Kft.-nél  |c Yilmaz Attila Zoltán  |h [elektronikus dokumentum] 
246 1 1 |a Szolgáltatásmarketing fejlesztése a Duna Főnix Kft.-nél 
695 |a Szolgáltatásmarketing 
695 |a emberierőforrás-menedzsment 
695 |a belső marketing 
695 |a Vállalatfejlesztés 
695 |a Marketingmenedzsment 
700 1 |a Papp Judit  |e ths 
856 4 0 |u http://dolgozattar.uni-bge.hu/18369/1/Yilmaz%20Attila%20Zolt%C3%A1n_NDFNAQ_BGE_KVIK_BA_KM_KERKOM_SZAKDOLGOZAT.pdf  |z Dokumentum-elérés